[Event "WECU Championship"]
[Site "Exmouth"]
[Date "2005.03.25"]
[Round "1"]
[White "Neat, Roger J"]
[Black "Woodruff, Adam C"]
[Result "0-1"]
[WhiteElo "1624"]
[BlackElo "1888"]
[PlyCount "57"]
[EventDate "2005.??.??"]

1. d4 Nf6 2. Nf3 b6 3. Bf4 e6 4. e3 Bb7 5. Nbd2 Be7 6. Bd3 d6 7. h3 c5 8. O-O
Nbd7 9. Nc4 Qc7 10. a4 Nd5 11. Bh2 f5 12. c3 O-O 13. Re1 Qc6 14. Ncd2 N5f6 15.
Bb5 Qc8 16. Ng5 h6 17. Bd3 Qc6 18. Bf1 e5 19. c4 b5 20. d5 Qc8 21. b3 Nxd5 22.
Ne6 N7f6 23. Qc2 b4 24. Nxf8 Kxf8 25. Nb1 Ne4 26. Nd2 Ng5 27. f3 Ne6 28. h4
Ndc7 29. Qxf5+ 0-1

[Event "WECU Championship"]
[Site "Exmouth"]
[Date "2005.03.25"]
[Round "1"]
[White "Taylor, Geoffrey P"]
[Black "Rudd, Jack"]
[Result "0-1"]
[WhiteElo "2135"]
[BlackElo "2291"]
[PlyCount "76"]
[EventDate "2005.??.??"]

1. e4 e5 2. Nf3 Nc6 3. Bc4 Nf6 4. d3 Bc5 5. O-O d6 6. c3 Bg4 7. Re1 Qd7 8. b4
Nxb4 9. Nbd2 Nc6 10. Nb3 Bb6 11. a4 a6 12. a5 Ba7 13. Bb2 Nh5 14. d4 Nf4 15.
Bf1 f6 16. Re3 g5 17. Qd2 Qf7 18. c4 h5 19. Rc1 h4 20. c5 Qh5 21. cxd6 cxd6 22.
Rxc6 bxc6 23. dxe5 dxe5 24. Qd6 Be6 25. Nc5 Bxc5 26. Qxc6+ Kf7 27. Qxc5 g4 28.
Nd2 Rhc8 29. Qd6 Qh8 30. Rb3 Ra7 31. Rb6 Rd7 32. Qb4 Qd8 33. Rb7 Rxb7 34. Qxb7+
Kg6 35. Qb4 Rc2 36. Bc3 Rc1 37. Qb2 Ne2+ 38. Kh1 Qxd2 0-1

[Event "WECU Championship"]
[Site "Exmouth"]
[Date "2005.03.25"]
[Round "1"]
[White "Wynarczyk, Raymond"]
[Black "Bass, JW..."]
[Result "1/2-1/2"]
[WhiteElo "1808"]
[BlackElo "2102"]
[PlyCount "45"]
[EventDate "2005.??.??"]

1. e4 c5 2. Nf3 e6 3. d4 cxd4 4. Nxd4 a6 5. Bd3 Bc5 6. Nb3 Ba7 7. Nc3 Nc6 8.
O-O Nf6 9. Bg5 h6 10. Bh4 d6 11. Kh1 g5 12. Bg3 e5 13. Qe2 Be6 14. Rad1 Rc8 15.
a3 Qc7 16. Qf3 Qe7 17. Nd5 Bxd5 18. exd5 Nd4 19. Nxd4 Bxd4 20. c3 Ba7 21. Rfe1
Kd8 22. Qf5 Nh5 23. Qg4 1/2-1/2

[Event "WECU Championship"]
[Site "Exmouth"]
[Date "2005.03.25"]
[Round "1"]
[White "Turner, Matthew J"]
[Black "Jaques, Andrew"]
[Result "1/2-1/2"]
[WhiteElo "2499"]
[BlackElo "1864"]
[PlyCount "130"]
[EventDate "2005.??.??"]

1. c4 g6 2. g3 Bg7 3. Bg2 d6 4. Nc3 c6 5. e4 e5 6. Nge2 Nf6 7. d3 O-O 8. O-O
Nbd7 9. h3 a6 10. Be3 b5 11. b4 Bb7 12. a4 bxa4 13. Qxa4 d5 14. exd5 cxd5 15.
c5 Qc7 16. d4 Ne4 17. Nxe4 dxe4 18. Qa5 Qxa5 19. Rxa5 exd4 20. Bxd4 Bxd4 21.
Nxd4 Ne5 22. Rc1 Bc6 23. Nxc6 Nxc6 24. Ra4 f5 25. Bf1 Rab8 26. Rb1 Rfd8 27. Kg2
Rd2 28. Rb3 Rc2 29. Bxa6 Rd8 30. Ra1 Rdd2 31. Rf1 Ne5 32. Re3 Rb2 33. g4 Rxb4
34. Kg3 Rc2 35. gxf5 gxf5 36. Bc8 f4+ 37. Kxf4 Ng6+ 38. Kg3 Rxc5 39. Bg4 h5 40.
Be6+ Kg7 41. h4 Kf6 42. Bh3 Ne7 43. Ra1 Nf5+ 44. Bxf5 Kxf5 45. Ra8 Rc6 46. Ra5+
Kg6 47. Re5 Rcc4 48. Ra3 e3 49. Ra6+ Kf7 50. Rf5+ Kg7 51. Rg5+ Kf7 52. Ra7+ Kf6
53. Ra6+ Kf7 54. Rf5+ Kg7 55. Rd5 Rg4+ 56. Kf3 exf2 57. Rd7+ Kh8 58. Kxf2 Rb2+
59. Kf3 Rb3+ 60. Ke2 Rb2+ 61. Kd3 Rb3+ 62. Kc2 Rh3 63. Rh6+ Kg8 64. Rxh5 Rhxh4
65. Re5 Rf4 1/2-1/2

[Event "WECU Championship"]
[Site "Exmouth"]
[Date "2005.03.25"]
[Round "1"]
[White "Bolt, G..."]
[Black "Hall, Daniel J"]
[Result "1-0"]
[WhiteElo "2114"]
[BlackElo "2083"]
[PlyCount "83"]
[EventDate "2005.??.??"]

1. e4 d5 2. exd5 Nf6 3. d4 Bg4 4. Be2 Bxe2 5. Qxe2 Qxd5 6. Nf3 e6 7. O-O Be7 8.
c4 Qd6 9. Nc3 O-O 10. Nb5 Qd8 11. Bf4 Bd6 12. Nxd6 cxd6 13. Rfd1 h6 14. h3 d5
15. c5 Ne4 16. Rac1 Nc6 17. a3 Ne7 18. b4 Ng6 19. Bh2 Qf6 20. Qe3 Nh4 21. Nxh4
Qxh4 22. Qf4 Qxf4 23. Bxf4 Rfc8 24. f3 Nf6 25. b5 Kf8 26. a4 Ke8 27. Rd3 Ng8
28. Be5 f6 29. Bd6 Kd7 30. a5 Ne7 31. g4 b6 32. a6 bxc5 33. dxc5 e5 34. Bxe7
Kxe7 35. Rxd5 Rab8 36. c6 Rc7 37. Rcd1 Ke8 38. Rd7 Rxd7 39. Rxd7 Rxb5 40. Rxa7
Kd8 41. Rb7 Ra5 42. a7 1-0

[Event "WECU Championship"]
[Site "Exmouth"]
[Date "2005.03.25"]
[Round "1"]
[White "Abbott, MV..."]
[Black "Wismayer, Clive R"]
[Result "0-1"]
[WhiteElo "1824"]
[BlackElo "2127"]
[PlyCount "70"]
[EventDate "2005.??.??"]

1. d4 d5 2. c4 Nc6 3. Nc3 dxc4 4. Nf3 Nf6 5. Bg5 h6 6. Bh4 a6 7. a4 Bf5 8. e3
Nb4 9. Rc1 Bd3 10. Ne5 Bxf1 11. Kxf1 e6 12. Nxc4 Be7 13. Ke2 O-O 14. Qb3 Nfd5
15. Bxe7 Qxe7 16. Rhd1 Rfd8 17. Nxd5 exd5 18. Ne5 c6 19. Nd3 Nxd3 20. Rxd3 Rd6
21. Rdc3 f5 22. g3 Rf8 23. Kf1 Rf7 24. Qc2 Re6 25. Rc5 g5 26. b4 f4 27. exf4
gxf4 28. b5 fxg3 29. hxg3 axb5 30. axb5 Qf6 31. bxc6 Qf3 32. Kg1 Re2 33. Qxe2
Qxe2 34. R5c2 Qe8 35. Rc5 Kg7 0-1

[Event "WECU Championship"]
[Site "Exmouth"]
[Date "2005.03.25"]
[Round "1"]
[White "Evans, Paul"]
[Black "Greely, Simon"]
[Result "1/2-1/2"]
[WhiteElo "1904"]
[BlackElo "1752"]
[PlyCount "79"]
[EventDate "2005.??.??"]

1. e4 e5 2. Nc3 Nf6 3. Bc4 Nc6 4. d3 Na5 5. Nge2 Nxc4 6. dxc4 Be7 7. O-O O-O 8.
Qd3 d6 9. b3 Be6 10. Ng3 c6 11. f4 exf4 12. Bxf4 Ng4 13. Qf3 Bf6 14. h3 Ne5 15.
Qe3 Qb6 16. Qxb6 axb6 17. Nh5 Be7 18. Be3 Nd7 19. Rad1 Nc5 20. Bd4 f6 21. Rf3
Bf7 22. Ng3 Bg6 23. Nf5 Bxf5 24. exf5 Rfe8 25. Bf2 Bf8 26. Bg3 Ne4 27. Nxe4
Rxe4 28. Bxd6 Bxd6 29. Rxd6 Rxa2 30. Rd7 Rxc2 31. Rxb7 Re1+ 32. Kh2 Rcc1 33.
Rxb6 h5 34. h4 c5 35. Rc6 Re5 36. Kg3 Rb1 37. Kf4 Rd1 38. Kg3 Rd4 39. Re6 Rg4+
40. Kh3 {The remainder of the score cannot be deciphered.} 1/2-1/2

[Event "WECU Championship"]
[Site "Exmouth"]
[Date "2005.03.25"]
[Round "1"]
[White "Dilleigh, Stephen P"]
[Black "Gosling, Brian GE"]
[Result "1/2-1/2"]
[WhiteElo "2161"]
[BlackElo "2096"]
[PlyCount "79"]
[EventDate "2005.??.??"]

1. d4 d5 2. c4 c6 3. Nf3 Nf6 4. Nc3 dxc4 5. a4 Bf5 6. Ne5 e6 7. f3 Bb4 8. e4
Bg6 9. Nxc4 O-O 10. Be3 Nbd7 11. Be2 Qe7 12. O-O c5 13. Qe1 cxd4 14. Bxd4 e5
15. Be3 Nc5 16. Qf2 Nb3 17. Rad1 Nd4 18. Bd3 Rad8 19. g4 Bxc3 20. bxc3 Nxf3+
21. Qxf3 Rxd3 22. Rxd3 Bxe4 23. Qe2 Bxd3 24. Qxd3 Nxg4 25. Bxa7 Rd8 26. Qf5
Nxh2 27. Nxe5 Nxf1 28. Kxf1 f6 29. Nd3 g6 30. Qf3 Qe6 31. Bd4 Rd5 32. Nf4 Rf5
33. Nxe6 Rxf3+ 34. Kg2 Rf5 35. Nc5 Rxc5 36. Bxc5 Kf7 37. Bd4 f5 38. Kf3 Ke6 39.
c4 g5 40. a5 1/2-1/2

[Event "WECU Championship"]
[Site "Exmouth"]
[Date "2005.03.25"]
[Round "2"]
[White "Littlejohns, David P"]
[Black "Taylor, Geoffrey P"]
[Result "1/2-1/2"]
[WhiteElo "2077"]
[BlackElo "2135"]
[PlyCount "74"]
[EventDate "2005.??.??"]

1. e4 c5 2. Nc3 Nc6 3. g3 g6 4. Bg2 Bg7 5. d3 d6 6. f4 e6 7. Nf3 Nge7 8. O-O
Bd7 9. Be3 Nd4 10. Ne2 Nxf3+ 11. Bxf3 Bc6 12. c3 Rc8 13. Qd2 O-O 14. Bg2 f5 15.
Rad1 Qa5 16. b3 Rcd8 17. c4 Qc7 18. Qc2 b6 19. a4 d5 20. e5 d4 21. Bc1 Bxg2 22.
Kxg2 a5 23. Ng1 Nc6 24. Nf3 h6 25. Qe2 Rf7 26. h4 h5 27. Ng5 Re7 28. Bd2 Bh6
29. Nf3 Kh7 30. Ng5+ Bxg5 31. hxg5 Rh8 32. Rh1 Kg8 33. Rh4 Kg7 34. Rdh1 Ree8
35. Qf3 Rb8 36. R4h2 Ra8 37. Kf2 Rab8 1/2-1/2

[Event "WECU Championship"]
[Site "Exmouth"]
[Date "2005.03.25"]
[Round "2"]
[White "Jaques, Andrew"]
[Black "Dilleigh, Stephen P"]
[Result "1/2-1/2"]
[WhiteElo "1864"]
[BlackElo "2161"]
[PlyCount "53"]
[EventDate "2005.??.??"]

1. e4 e6 2. d4 d5 3. Nd2 c5 4. dxc5 Bxc5 5. Bd3 Nc6 6. Ngf3 Nf6 7. Qe2 a6 8. c3
h6 9. e5 Nd7 10. Nb3 Ba7 11. h4 Qc7 12. Bf4 Nc5 13. Nxc5 Bxc5 14. Be3 Bxe3 15.
Qxe3 Bd7 16. O-O Rc8 17. Rfe1 Na5 18. Nd2 Nc4 19. Bxc4 dxc4 20. Qg3 O-O 21. Ne4
f5 22. Nd6 Rcd8 23. Qf4 b5 24. Re3 Bc6 25. Rg3 Kh7 26. Rd1 Bd5 27. a3 1/2-1/2

[Event "WECU Championship"]
[Site "Exmouth"]
[Date "2005.03.25"]
[Round "2"]
[White "Ponter, Ian P"]
[Black "Wynarczyk, Raymond"]
[Result "1-0"]
[WhiteElo "2047"]
[BlackElo "1808"]
[PlyCount "65"]
[EventDate "2005.??.??"]

1. e4 c5 2. Nf3 d6 3. d4 cxd4 4. Nxd4 Nf6 5. Nc3 a6 6. h3 e6 7. g4 b5 8. Bg2
Bb7 9. g5 Nfd7 10. Be3 Ne5 11. b3 Nbc6 12. Nce2 Rc8 13. O-O Be7 14. f4 Nd7 15.
h4 Nc5 16. Ng3 g6 17. Nxc6 Bxc6 18. f5 e5 19. Qe2 Qc7 20. Qf2 O-O 21. h5 Qb7
22. hxg6 fxg6 23. Bxc5 dxc5 24. f6 Bd7 25. Nf5 gxf5 26. fxe7 Rf7 27. exf5 e4
28. f6 Bc6 29. Qg3 Kh8 30. Rad1 c4 31. Rd8+ Be8 32. Qd6 Ra8 33. Rd1 1-0

[Event "WECU Championship"]
[Site "Exmouth"]
[Date "2005.03.25"]
[Round "2"]
[White "Wismayer, Clive R"]
[Black "Woodruff, Adam C"]
[Result "1-0"]
[WhiteElo "2127"]
[BlackElo "1888"]
[PlyCount "75"]
[EventDate "2005.??.??"]

1. Nf3 Nf6 2. c4 b6 3. g3 Bb7 4. Bg2 e6 5. b3 c5 6. O-O Be7 7. Bb2 O-O 8. Nc3
d5 9. e3 Ne4 10. Re1 f5 11. cxd5 exd5 12. d4 Nd7 13. dxc5 Ndxc5 14. Nd4 Nxc3
15. Bxc3 Qd7 16. b4 Ne4 17. Qb3 Rac8 18. Red1 Rc4 19. a3 Rfc8 20. Bb2 Bf6 21.
Nf3 Bxb2 22. Qxb2 Nc3 23. Ne5 Nxd1 24. Rxd1 Qa4 25. Bxd5+ Bxd5 26. Rxd5 Rc1+
27. Kg2 Qc2 28. Qd4 Qe4+ 29. Qxe4 fxe4 30. Rd7 R1c7 31. Rd4 Rc3 32. a4 Ra3 33.
b5 g6 34. Rxe4 Rc2 35. Nc6 Raa2 36. Rf4 a6 37. Nb4 axb5 38. axb5 1-0

[Event "WECU Championship"]
[Site "Exmouth"]
[Date "2005.03.25"]
[Round "2"]
[White "Rudd, Jack"]
[Black "Bolt, G..."]
[Result "1-0"]
[WhiteElo "2291"]
[BlackElo "2114"]
[PlyCount "93"]
[EventDate "2005.??.??"]

1. e4 c5 2. Nf3 Nc6 3. Nc3 e6 4. d4 cxd4 5. Nxd4 Nf6 6. Ndb5 d6 7. Bf4 e5 8.
Bg5 a6 9. Na3 Be6 10. Nc4 Be7 11. Bxf6 gxf6 12. Ne3 Qa5 13. Bc4 Bxc4 14. Nxc4
Qc5 15. Ne3 h5 16. Ncd5 O-O-O 17. c3 Rd7 18. b4 Qa7 19. a4 Bd8 20. O-O a5 21.
b5 Nb8 22. Rb1 Qc5 23. b6 Na6 24. Rb5 Qc6 25. Qe2 Kb8 26. Rfb1 Nc5 27. Qc4 Ne6
28. Rxa5 Qxc4 29. Nxc4 Rg8 30. Kf1 Rg5 31. f3 h4 32. Nce3 Nc5 33. Nf5 h3 34.
gxh3 Nd3 35. h4 Rh5 36. Ke2 Nf4+ 37. Nxf4 exf4 38. Rd5 Rh7 39. a5 Be7 40. Rg1
Rh8 41. Rg4 Bf8 42. Rxf4 Bh6 43. Rg4 Bc1 44. Rxd6 Rxd6 45. Nxd6 Bb2 46. Kd2 Rd8
47. Kc2 1-0

[Event "WECU Championship"]
[Site "Exmouth"]
[Date "2005.03.25"]
[Round "2"]
[White "Bass, JW..."]
[Black "Evans, Paul"]
[Result "1/2-1/2"]
[WhiteElo "2102"]
[BlackElo "1904"]
[PlyCount "61"]
[EventDate "2005.??.??"]

1. d4 d5 2. Nf3 e6 3. c4 Be7 4. Nc3 Nf6 5. Bg5 h6 6. Bh4 O-O 7. e3 Ne4 8. Bxe7
Qxe7 9. Qc2 c6 10. Bd3 Nxc3 11. Qxc3 b6 12. O-O dxc4 13. Bxc4 Bb7 14. e4 c5 15.
d5 Re8 16. dxe6 fxe6 17. Rfe1 Nc6 18. a3 Red8 19. Rad1 Rac8 20. h3 Kf8 21. Ne5
Kg8 22. Nxc6 Rxc6 23. Qe5 Bc8 24. Bb3 c4 25. Rxd8+ Qxd8 26. Rd1 Qf6 27. Qb5 Rc5
28. Qe8+ Qf8 29. Qxf8+ Kxf8 30. Bc2 Ke7 31. f4 1/2-1/2

[Event "WECU Championship"]
[Site "Exmouth"]
[Date "2005.03.25"]
[Round "2"]
[White "Gosling, Brian GE"]
[Black "Turner, Matthew J"]
[Result "0-1"]
[WhiteElo "2096"]
[BlackElo "2499"]
[PlyCount "72"]
[EventDate "2005.??.??"]

1. d4 Nf6 2. Nf3 e6 3. e3 b6 4. Bd3 Bb7 5. Nbd2 c5 6. c3 Nc6 7. O-O Be7 8. Re1
Qc7 9. e4 cxd4 10. cxd4 Nb4 11. Bb1 Rc8 12. a3 Nc2 13. Bxc2 Qxc2 14. Qxc2 Rxc2
15. Re3 O-O 16. Ne1 Rc7 17. b4 Ne8 18. f4 Nd6 19. Bb2 Rfc8 20. d5 exd5 21. exd5
Bf8 22. Rd3 a5 23. Be5 f6 24. Bd4 Rc1 25. Rxc1 Rxc1 26. Kf2 Ba6 27. Rc3 Rxc3
28. Bxc3 Nb5 29. Bb2 axb4 30. axb4 Nc7 31. Nc2 Nxd5 32. Ba3 Nxf4 33. Kf3 Nd5
34. Ne4 Bb7 35. Ke2 Nf4+ 36. Ke3 Nxg2+ 0-1

[Event "WECU Championship"]
[Site "Exmouth"]
[Date "2005.03.25"]
[Round "2"]
[White "Hall, Daniel J"]
[Black "Neat, Roger J"]
[Result "1-0"]
[WhiteElo "2083"]
[BlackElo "1624"]
[PlyCount "81"]
[EventDate "2005.??.??"]

1. e4 d5 2. exd5 Qxd5 3. Nc3 Qa5 4. d4 Nf6 5. Nf3 c6 6. Bc4 e6 7. O-O Be7 8.
Ne5 Nbd7 9. f4 Nb6 10. Bd3 Nbd5 11. Ne4 Qc7 12. c4 Nb4 13. Bb1 h6 14. a3 Na6
15. Be3 Nb8 16. Bc2 Nbd7 17. Nc3 a5 18. Qf3 Rb8 19. Rad1 O-O 20. Nxd7 Bxd7 21.
Ne4 Nxe4 22. Qxe4 f5 23. Qf3 Be8 24. Bd2 c5 25. Bc3 cxd4 26. Bxd4 Qxc4 27. Bb3
Qc6 28. Qe3 Bf7 29. Kh1 Rfe8 30. Be5 g5 31. Rc1 Qe4 32. Qxe4 fxe4 33. Bxb8 Rxb8
34. Rce1 Bf6 35. fxg5 Bxg5 36. Rxe4 Re8 37. Rfe1 Bf6 38. Bxe6 Bxe6 39. Rxe6
Rxe6 40. Rxe6 Bxb2 41. Rxh6 1-0

[Event "WECU Championship"]
[Site "Exmouth"]
[Date "2005.03.25"]
[Round "2"]
[White "Greely, Simon"]
[Black "Bonafont, PR..."]
[Result "1/2-1/2"]
[WhiteElo "1752"]
[BlackElo "2113"]
[PlyCount "54"]
[EventDate "2005.??.??"]

1. d4 Nf6 2. c4 e6 3. Nf3 b6 4. g3 Bb7 5. Bg2 Be7 6. O-O O-O 7. Nc3 Ne4 8. Nxe4
Bxe4 9. Ne5 Bxg2 10. Kxg2 d6 11. Nf3 Nd7 12. e4 c5 13. Be3 Qc7 14. d5 exd5 15.
exd5 Bf6 16. Qc2 Rfe8 17. Rae1 a6 18. Bg5 b5 19. Bxf6 Nxf6 20. b3 Qd7 21. h3 h6
22. Nh4 g6 23. Nf3 Rab8 24. Rxe8+ Rxe8 25. Re1 Kh7 26. Rxe8 Qxe8 27. Qc3 Qe7
1/2-1/2

[Event "WECU Championship"]
[Site "Exmouth"]
[Date "2005.03.26"]
[Round "3"]
[White "Turner, Matthew J"]
[Black "Ponter, Ian P"]
[Result "1-0"]
[WhiteElo "2499"]
[BlackElo "2047"]
[PlyCount "63"]
[EventDate "2005.??.??"]

1. c4 f5 2. Nf3 Nf6 3. g3 e6 4. Bg2 Be7 5. d4 d6 6. O-O O-O 7. Nc3 a5 8. Re1
Ne4 9. Qd3 Nxc3 10. bxc3 Nc6 11. e4 e5 12. dxe5 dxe5 13. Qd5+ Kh8 14. exf5 Bf6
15. Ba3 Re8 16. g4 h6 17. Re4 a4 18. Rd1 Ra5 19. Qxd8 Nxd8 20. c5 Nf7 21. Bf1
Kh7 22. Bc4 Nd8 23. h4 b5 24. Bd3 Bb7 25. g5 Bxe4 26. Bxe4 c6 27. gxf6 gxf6 28.
Rd7+ Kg8 29. Nh2 Ra6 30. Ng4 Rf8 31. Nxh6+ Kh8 32. Rxd8 1-0

[Event "WECU Championship"]
[Site "Exmouth"]
[Date "2005.03.26"]
[Round "3"]
[White "Wismayer, Clive R"]
[Black "Rudd, Jack"]
[Result "0-1"]
[WhiteElo "2127"]
[BlackElo "2291"]
[PlyCount "26"]
[EventDate "2005.??.??"]

1. Nf3 Nf6 2. c4 g6 3. b4 Bg7 4. Bb2 O-O 5. d3 d6 6. Nbd2 e5 7. g3 c6 8. Bg2
Qb6 9. Qb3 a5 10. a3 axb4 11. axb4 Rxa1+ 12. Bxa1 Na6 13. Bc3 Be6 {White's
mobile phone rang.} 0-1

[Event "WECU Championship"]
[Site "Exmouth"]
[Date "2005.03.26"]
[Round "3"]
[White "Wynarczyk, Raymond"]
[Black "Gosling, Brian GE"]
[Result "0-1"]
[WhiteElo "1808"]
[BlackElo "2096"]
[PlyCount "88"]
[EventDate "2005.??.??"]

1. e4 e6 2. d4 d5 3. Nc3 Nf6 4. Bg5 dxe4 5. Nxe4 Be7 6. Bxf6 gxf6 7. Nf3 b6 8.
Bb5+ c6 9. Bd3 Bb7 10. Qd2 Qc7 11. Qh6 Nd7 12. Qg7 Rf8 13. Qxh7 Qf4 14. Ng3
O-O-O 15. Qe4 Qd6 16. Qe3 Qb4+ 17. Qd2 Qxb2 18. O-O Qa3 19. Rfb1 Qd6 20. Ne4
Qc7 21. a4 f5 22. Nc3 a5 23. Qe2 Bd6 24. Ba6 Rh8 25. Bxb7+ Kxb7 26. g3 Rdg8 27.
Nd2 f4 28. Nde4 fxg3 29. Nxd6+ Qxd6 30. hxg3 Qxd4 31. Ne4 Nc5 32. Nxc5+ Qxc5
33. Qf3 Rh7 34. Rb5 Rxg3+ 35. Qxg3 cxb5 36. Qg2+ Kc7 37. Qg3+ Qd6 38. Qc3+ Kd7
39. axb5 Qh2+ 40. Kf1 Qh1+ 41. Ke2 Qe4+ 42. Kd2 Rh5 43. Rb1 Rd5+ 44. Kc1 Qh1+
0-1

[Event "WECU Championship"]
[Site "Exmouth"]
[Date "2005.03.26"]
[Round "3"]
[White "Woodruff, Adam C"]
[Black "Bass, JW..."]
[Result "0-1"]
[WhiteElo "1888"]
[BlackElo "2102"]
[PlyCount "58"]
[EventDate "2005.??.??"]

1. d4 d5 2. Nf3 Nf6 3. Bg5 Ne4 4. Bf4 c5 5. e3 Qb6 6. Nc3 Nxc3 7. bxc3 e6 8.
dxc5 Bxc5 9. Bd3 Nd7 10. O-O Nf6 11. Be5 Be7 12. Bd4 Qc7 13. Ne5 O-O 14. f4 Ne4
15. Qh5 f6 16. Ng4 Bd7 17. Rf3 Be8 18. Qh3 Bg6 19. Nf2 Bf5 20. Ng4 Bd6 21. Bxe4
dxe4 22. Rg3 Bxg4 23. Rxg4 e5 24. fxe5 fxe5 25. Rh4 g6 26. Qe6+ Kg7 27. Rd1
exd4 28. Rxd4 Rad8 29. Qxe4 Qf7 0-1

[Event "WECU Championship"]
[Site "Exmouth"]
[Date "2005.03.26"]
[Round "3"]
[White "Bonafont, PR..."]
[Black "Jaques, Andrew"]
[Result "1-0"]
[WhiteElo "2113"]
[BlackElo "1864"]
[PlyCount "71"]
[EventDate "2005.??.??"]

1. d4 Nf6 2. Nf3 g6 3. c4 Bg7 4. Nc3 d6 5. e4 O-O 6. Be2 e5 7. O-O exd4 8. Nxd4
Re8 9. f3 c6 10. Kh1 Be6 11. Bg5 Qa5 12. Qd2 d5 13. cxd5 cxd5 14. e5 Nfd7 15.
f4 Nc6 16. Bf3 h6 17. Bh4 g5 18. fxg5 Nxd4 19. Qxd4 Bxe5 20. Qf2 Qb6 21. Nxd5
Qxf2 22. Rxf2 hxg5 23. Bxg5 Kg7 24. Rc1 Rac8 25. g4 Rxc1+ 26. Bxc1 Bd4 27. Be3
Bxe3 28. Nxe3 Bxa2 29. Nf5+ Kg6 30. Bxb7 Re1+ 31. Kg2 Ne5 32. h3 Nd3 33. Rd2
Bc4 34. Nd6 Nf4+ 35. Kg3 Kg5 36. h4+ 1-0

[Event "WECU Championship"]
[Site "Exmouth"]
[Date "2005.03.26"]
[Round "3"]
[White "Bolt, G..."]
[Black "Greely, Simon"]
[Result "1-0"]
[WhiteElo "2114"]
[BlackElo "1752"]
[PlyCount "89"]
[EventDate "2005.??.??"]

1. e4 e5 2. Nf3 Nc6 3. d4 exd4 4. Nxd4 Nf6 5. Nxc6 bxc6 6. Bd3 d5 7. e5 Ne4 8.
Bxe4 dxe4 9. Qxd8+ Kxd8 10. O-O Bc5 11. Bg5+ Ke8 12. c3 h6 13. Bf4 Ba6 14. Re1
g5 15. Be3 Bxe3 16. Rxe3 Rd8 17. Na3 Bd3 18. Rae1 Ke7 19. f3 Ke6 20. fxe4 Kxe5
21. Rf3 Ke6 22. Kf2 Ba6 23. c4 Rd2+ 24. Re2 Rxe2+ 25. Kxe2 Bb7 26. Nb1 c5 27.
Nc3 g4 28. Rf4 h5 29. Ke3 Rh7 30. Na4 Bc6 31. Nxc5+ Ke7 32. Na6 Kd8 33. Nb4 Bb7
34. Rf5 h4 35. Rb5 Bc8 36. Nc6+ Kd7 37. Nxa7 Ba6 38. Rd5+ Ke6 39. b3 g3 40.
hxg3 hxg3 41. Nb5 Bxb5 42. Rxb5 Rh1 43. Kf3 Ra1 44. Ra5 Re1 45. e5 1-0

[Event "WECU Championship"]
[Site "Exmouth"]
[Date "2005.03.26"]
[Round "3"]
[White "Dilleigh, Stephen P"]
[Black "Littlejohns, David P"]
[Result "1-0"]
[WhiteElo "2161"]
[BlackElo "2077"]
[PlyCount "107"]
[EventDate "2005.??.??"]

1. d4 d5 2. c4 c6 3. Nf3 Nf6 4. Nc3 dxc4 5. a4 Bf5 6. Ne5 Nbd7 7. Nxc4 Qc7 8.
g3 e5 9. dxe5 Nxe5 10. Bf4 Nfd7 11. Qc1 f6 12. Bg2 Be6 13. Nxe5 fxe5 14. Be3
Bc5 15. O-O Bxe3 16. Qxe3 O-O 17. a5 Rae8 18. Ra3 a6 19. Ne4 Bd5 20. Rc1 Bxe4
21. Bxe4 Nf6 22. h3 Rd8 23. Bg2 Nd5 24. Qc5 Qd6 25. Qxd6 Rxd6 26. Rd3 Rd7 27.
Rcd1 Rfd8 28. h4 Nf6 29. Rxd7 Rxd7 30. Rxd7 Nxd7 31. Bh3 Nb8 32. Bc8 Kf7 33.
Bxb7 Ke6 34. Bc8+ Kd5 35. Kg2 c5 36. Kf3 Kd4 37. e3+ Kd5 38. Bb7+ Kd6 39. Ke4
Ke6 40. g4 Kd6 41. f4 exf4 42. exf4 Ke6 43. f5+ Kd6 44. g5 Kc7 45. Bd5 Nd7 46.
Be6 Nb8 47. Kd5 Nc6 48. f6 gxf6 49. gxf6 Nb4+ 50. Kxc5 Nd3+ 51. Kd4 Kd6 52.
Kxd3 Kxe6 53. b4 Kxf6 54. b5 1-0

[Event "WECU Championship"]
[Site "Exmouth"]
[Date "2005.03.26"]
[Round "3"]
[White "Neat, Roger J"]
[Black "Abbott, MV..."]
[Result "1/2-1/2"]
[WhiteElo "1624"]
[BlackElo "1824"]
[PlyCount "110"]
[EventDate "2005.??.??"]

1. d4 Nf6 2. Nf3 c5 3. c3 e6 4. Bf4 b6 5. e3 Bb7 6. Nbd2 d5 7. Bd3 Bd6 8. Bg3
O-O 9. Bxd6 Qxd6 10. Ne5 Nc6 11. Ndf3 h6 12. O-O Rac8 13. Nxc6 Bxc6 14. Ba6 Rc7
15. Bd3 Bb7 16. Ne5 Rfc8 17. f4 cxd4 18. exd4 b5 19. a3 a5 20. Bxb5 Qb6 21. Qe2
Ne4 22. Nd7 Qd6 23. Ne5 Qb6 24. Nd7 Qa7 25. Rf3 Bc6 26. Bxc6 Rxc6 27. Ne5 Rb6
28. Rc1 Qb7 29. Rc2 Nd6 30. h3 a4 31. g4 Qe7 32. Qe1 Nb5 33. Rd3 Rc7 34. Kg2
Qf6 35. Qg3 Nd6 36. Qf3 Rcb7 37. Rdd2 Qd8 38. Kh2 Qb8 39. Qg2 Nc4 40. Nxc4
Qxf4+ 41. Qg3 Qxg3+ 42. Kxg3 dxc4 43. Re2 f6 44. Rcd2 Rd7 45. Rc2 Kf7 46. Rf2
Rbd6 47. Rce2 Rd5 48. Rf4 Rb7 49. Rff2 h5 50. Rd2 hxg4 51. hxg4 Kg6 52. Rh2
Rbd7 53. Rde2 Kf7 54. Rhf2 g6 55. Rh2 e5 1/2-1/2

[Event "WECU Championship"]
[Site "Exmouth"]
[Date "2005.03.26"]
[Round "3"]
[White "Evans, Paul"]
[Black "Hall, Daniel J"]
[Result "0-1"]
[WhiteElo "1904"]
[BlackElo "2083"]
[PlyCount "90"]
[EventDate "2005.??.??"]

1. e4 d5 2. exd5 Nf6 3. Bb5+ Nbd7 4. c4 a6 5. Ba4 b5 6. cxb5 Nxd5 7. d4 Rb8 8.
bxa6 Bxa6 9. Ne2 e6 10. O-O Bd6 11. Nd2 Nf4 12. Nxf4 Bxf1 13. Nxe6 fxe6 14.
Nxf1 O-O 15. Qg4 Qf6 16. Be3 Nb6 17. Bb3 Nd5 18. Qe4 Kh8 19. Ng3 Rb4 20. Bc2 g6
21. b3 Nxe3 22. Qxe3 Rxd4 23. Rf1 Bf4 24. Qc3 Be5 25. Qe3 Bf4 26. Qc3 Bxg3 27.
hxg3 Rd7 28. Qxf6+ Rxf6 29. f3 Rd2 30. Rc1 Rf7 31. a4 Rfd7 32. Kf1 R7d6 33. Be4
Rb2 34. g4 Rdd2 35. a5 Rxb3 36. Rxc7 Ra3 37. Rc1 Rxa5 38. Re1 Raa2 39. Bc6 Kg7
40. Rxe6 Rd1+ 41. Re1 Rxe1+ 42. Kxe1 Rxg2 43. Kf1 Rb2 44. Bd5 Kf6 45. Bg8 h5
0-1

[Event "WECU Championship"]
[Site "Exmouth"]
[Date "2005.03.26"]
[Round "4"]
[White "Rudd, Jack"]
[Black "Turner, Matthew J"]
[Result "1/2-1/2"]
[WhiteElo "2291"]
[BlackElo "2499"]
[PlyCount "101"]
[EventDate "2005.??.??"]

1. d4 Nf6 2. c4 e6 3. Nc3 Bb4 4. e3 O-O 5. Bd3 d5 6. Nge2 c5 7. O-O cxd4 8.
exd4 dxc4 9. Bxc4 Nc6 10. Bg5 Be7 11. a3 b6 12. Qd3 Bb7 13. Rad1 Rc8 14. Ba2
Nd5 15. Bb1 g6 16. Bh6 Re8 17. Nxd5 exd5 18. b4 Bg5 19. Bxg5 Qxg5 20. Rfe1 Qf6
21. Ba2 Re6 22. Nc3 Rxe1+ 23. Rxe1 Qxd4 24. Qxd4 Nxd4 25. Nxd5 Rc2 26. Nf6+ Kg7
27. Bd5 Bxd5 28. Nxd5 Ra2 29. h4 Rxa3 30. Re4 Nf5 31. g3 Rd3 32. Ne7 Nd6 33.
Re2 Nb5 34. Kg2 Rd4 35. Rb2 Kf6 36. Ng8+ Ke5 37. f4+ Kd6 38. Kh3 h5 39. f5 gxf5
40. Nf6 f4 41. Nxh5 fxg3 42. Nxg3 Rd3 43. Kg4 Nd4 44. h5 Ke6 45. Rf2 Nc6 46. h6
Ne5+ 47. Kh4 Ng6+ 48. Kg4 f6 49. Nh5 Ne5+ 50. Kh4 Ng6+ 51. Kg4 1/2-1/2

[Event "WECU Championship"]
[Site "Exmouth"]
[Date "2005.03.26"]
[Round "4"]
[White "Ponter, Ian P"]
[Black "Bonafont, PR..."]
[Result "0-1"]
[WhiteElo "2047"]
[BlackElo "2113"]
[PlyCount "76"]
[EventDate "2005.??.??"]

1. e4 c5 2. Nf3 d6 3. d4 cxd4 4. Nxd4 Nf6 5. Nc3 a6 6. h3 e5 7. Nde2 Be6 8. Be3
Be7 9. g4 h6 10. Bg2 Nbd7 11. O-O b5 12. Nd5 Bxd5 13. exd5 Nb6 14. b3 Rc8 15.
Ng3 g6 16. f4 Rc3 17. Re1 Rxe3 18. Rxe3 exf4 19. Rxe7+ Qxe7 20. Qd2 Qe3+ 21.
Qxe3+ fxe3 22. Kf1 Nbxd5 23. Rd1 e2+ 24. Kxe2 Nc3+ 25. Kd2 Nxd1 26. Kxd1 Kd7
27. b4 d5 28. Kd2 Kd6 29. Bf1 Ne4+ 30. Nxe4+ dxe4 31. c4 Rb8 32. a3 Ke5 33. c5
f5 34. Be2 f4 35. Bd1 Kd4 36. Be2 f3 37. Bd1 e3+ 38. Ke1 e2 0-1